Religious studies

Bibliographic Details
Format: Electronic Journal
Language:English
Published: Cambridge, England : Cambridge University Press, 1965-
Subjects:
Online Access:Full text available from Research Library: 03/01/2001 to 1 year ago

MARC

LEADER 00000nas a2200000 a 4500
001 ssj0013144
003 WaSeSS
005 20200512172242.0
006 m d
007 cr n
008 000426c19659999enkqr pss 0 0eng c
010 |a  2008233983 
015 |a GBB407632  |2 bnb 
016 7 |a 1466479-3  |2 DE-600 
022 |a 1469-901X  |l 0034-4125  |y 0034-4125 
035 |a (WaSeSS)ssj0013144 
037 |b Cambridge University Press, The Edinburgh Building, Shaftesbury Road, Cambridge CB2 2RU, United Kingdom 
040 |a F#A  |b eng  |c F#A  |d OCLCQ  |d OCLCS  |d GUA  |d CUD  |d EYM  |d OCLCQ  |d COO  |d OCLCO  |d OCLCQ  |d OCLCF  |d OCLCO  |d OCLCQ  |d DEBBG  |d DEFHM  |d OCLCO  |d TSC  |d RCE  |d AU@  |d OCLCO  |d VT2  |d OCLCA  |d WaSeSS 
042 |a pcc 
050 1 4 |a BL1 
082 0 4 |a 200 
130 0 |a Religious studies (Online) 
245 1 0 |a Religious studies  |h [electronic resource]. 
260 |a Cambridge, England :  |b Cambridge University Press,  |c 1965- 
310 |a Quarterly 
362 0 |a Vol. 1, no. 1 (Oct. 1965)- 
500 |a Title from cover (JSTOR, viewed Jan. 22, 2009). 
506 |a License restrictions may limit access. 
588 |a Latest issue consulted: Vol. 44, no. 2 (June 2008) (Cambridge Journals website, viewed June 2008). 
650 0 |a Religion  |v Periodicals. 
650 0 |a Theology  |v Periodicals. 
650 7 |a Religion.  |2 fast  |0 (OCoLC)fst01093763 
650 7 |a Theology.  |2 fast  |0 (OCoLC)fst01149559 
650 1 7 |a Godsdienst.  |2 gtt 
650 7 |a Religion  |2 gnd 
655 0 |a Electronic journals. 
776 0 8 |i Print version:  |t Religious studies  |x 0034-4125  |w (DLC) 65009981  |w (OCoLC)1763674 
856 4 0 |z Full text available from Research Library: 03/01/2001 to 1 year ago  |u https://search.proquest.com/publication/48681